<?xml version="1.0" encoding="UTF-8"?>
<marc:record xmlns:marc="http://www.loc.gov/MARC21/slim">
   <marc:leader>00000nam a2200000 a 4500</marc:leader>
   <marc:datafield ind1="1" ind2=" " tag="100">
      <marc:subfield code="a">Glaesener, Helga</marc:subfield>
      <marc:subfield code="4">aut</marc:subfield>
      <marc:subfield code="e">Verfasser/-in</marc:subfield>
   </marc:datafield>
   <marc:datafield ind1="0" ind2="0" tag="245">
      <marc:subfield code="a">Die stumme Tänzerin</marc:subfield>
   </marc:datafield>
   <marc:datafield ind1="0" ind2="0" tag="245">
      <marc:subfield code="b">Kriminalroman</marc:subfield>
   </marc:datafield>
   <marc:datafield ind1="0" ind2="0" tag="245">
      <marc:subfield code="c">Helga Glaesener</marc:subfield>
   </marc:datafield>
   <marc:datafield ind1=" " ind2="1" tag="264">
      <marc:subfield code="a">Hamburg</marc:subfield>
      <marc:subfield code="b">Rowohlt Taschenbuch Verlag</marc:subfield>
      <marc:subfield code="c">2021</marc:subfield>
   </marc:datafield>
   <marc:datafield ind1="1" ind2=" " tag="490">
      <marc:subfield code="a">Hamburgs erste Kommissarinnen</marc:subfield>
      <marc:subfield code="v">1</marc:subfield>
   </marc:datafield>
   <marc:datafield ind1=" " ind2=" " tag="250">
      <marc:subfield code="a">Originalausgabe</marc:subfield>
   </marc:datafield>
   <marc:datafield ind1="1" ind2=" " tag="520">
      <marc:subfield code="a">Angaben aus der Verlagsmeldung

Die stumme Tänzerin Glaesener, Die stumme Tänzerin / von Helga Glaesener

Ein Serienmörder auf St. Pauli – gejagt von den ersten weiblichen Kriminalpolizistinnen
Hamburg 1928: Seit einem Jahr gibt es im Hamburger Stadthaus eine weibliche Kriminalpolizei unter Leitung der resoluten Josefine Erkens. Auch die freiheitsliebende Paula heuert dort an. Als eine Tänzerin ermordet und obszön entstellt wird, gelingt es Erkens, Paula und eine weitere Kommissarin in der bisher rein männlich besetzen Mordkommission unterzubringen. Angeführt wird diese Ermittlungsgruppe von Martin Broder, der der Hölle von Flandern entkam. Zu Beginn tut er sich schwer mit den „unfähigen Weibern“, doch die Frauen arbeiten mit präziser Logik und kühlem Witz. Zunächst führen ihre Ermittlungen ins Rotlichtmilieu, als aber ein weiteres Opfer aufgefunden wird, keimt in Paula ein ungeheuerlicher Verdacht auf …
</marc:subfield>
   </marc:datafield>
   <marc:datafield ind1=" " ind2=" " tag="020">
      <marc:subfield code="a">9783499004889</marc:subfield>
      <marc:subfield code="9">9783499004889</marc:subfield>
   </marc:datafield>
   <marc:datafield ind1=" " ind2=" " tag="020">
      <marc:subfield code="a">3499004887</marc:subfield>
      <marc:subfield code="9">3499004887</marc:subfield>
   </marc:datafield>
   <marc:datafield ind1=" " ind2=" " tag="041">
      <marc:subfield code="a">ger</marc:subfield>
   </marc:datafield>
   <marc:datafield ind1=" " ind2=" " tag="300">
      <marc:subfield code="a">364 Seiten</marc:subfield>
   </marc:datafield>
</marc:record>
